| 000 | 01093nam a22002777a 4500 | ||
|---|---|---|---|
| 001 | 9551 | ||
| 003 | FISKH | ||
| 005 | 20260225083632.0 | ||
| 008 | 260123b cb ||||| |||| 00| 0 eng d | ||
| 020 | _a9789385252013 | ||
| 040 |
_aFISKH _beng _cFISKH _dFISKH |
||
| 050 | _aPZ7 | ||
| 082 | _a625 | ||
| 100 |
_aAnonymous _eAuthor |
||
| 245 | _aCar / | ||
| 260 |
_aUttar Pradesh : _bOm Books International , _c2018 |
||
| 300 |
_a10 unnumbered pages : _bcolor illustrations ; _c17 x 18 cm |
||
| 505 | _aC | ||
| 520 | _aCar is a simple cut-out board book from Om Books International that introduces young children to one of their favorite vehicles — the car — with bright, colorful illustrations and easy language. Designed for toddlers and preschoolers, it uses visuals and simple text to help early learners recognize the shape, parts, and idea of a car while supporting basic vocabulary and early literacy. | ||
| 521 | 8 |
_a100
_bLexile estimate |
|
| 521 | 8 |
_aC
_bRaz-Plus |
|
| 650 |
_aBoard book _vCar |
||
| 650 |
_aChildren _vVehicles |
||
| 942 |
_2ddc _cBK _n0 |
||
| 999 |
_c9551 _d9551 |
||